Municipal wastewater treatment in Central and Eastern Europe: present situation and cost-effective development strategies (Record no. 51821)

MARC details
000 -LEADER
fixed length control field 00914nam a2200205 a 4500
008 - FIXED-LENGTH DATA ELEMENTS--GENERAL INFORMATION
fixed length control field 071019s1998 ||||||||||||||||| || u
020 ## - INTERNATIONAL STANDARD BOOK NUMBER
International Standard Book Number 0821340859
050 ## - LIBRARY OF CONGRESS CALL NUMBER
Classification number IBRD(06)EAP/1998/1
100 ## - MAIN ENTRY--PERSONAL NAME
Personal name Shanahan, Peter
245 10 - TITLE STATEMENT
Title Municipal wastewater treatment in Central and Eastern Europe: present situation and cost-effective development strategies
Statement of responsibility, etc. Laszlo Somlyody; Peter Shanahan
260 ## - PUBLICATION, DISTRIBUTION, ETC.
Place of publication, distribution, etc. Washington, D. C.
Name of publisher, distributor, etc. World Bank
Date of publication, distribution, etc. 1998
300 ## - PHYSICAL DESCRIPTION
Extent xvi, 146p.: ill.
350 ## - PRICE (NR) (BK AM CF MU VM SE) [OBSOLETE]
Price 0.00
490 ## - SERIES STATEMENT
Series statement Report for the Environmental Action Programme for Central and Eastern Europe
650 ## - SUBJECT ADDED ENTRY--TOPICAL TERM
Topical term or geographic name entry element SEWAGE DISPOSAL--EUROPE, EASTERN--COST EFFECTIVENESS
650 ## - SUBJECT ADDED ENTRY--TOPICAL TERM
Topical term or geographic name entry element WATER
650 ## - SUBJECT ADDED ENTRY--TOPICAL TERM
Topical term or geographic name entry element SEWAGE DISPOSAL--EUROPE, EASTERN
700 ## - ADDED ENTRY--PERSONAL NAME
Personal name Somlyody, Laszlo
995 ## - RECOMMENDATION 995 [LOCAL, UNIMARC FRANCE]
-- 0.00
-- CBU-MAIN LIBRARY (Kitwe)
-- 1
-- 0.00
-- 1
-- AVAILABLE
-- Oct 19, 2007
-- International Publications
Holdings
Withdrawn status Lost status Source of classification or shelving scheme Damaged status Not for loan Home library Current library Shelving location Date acquired Total Checkouts Full call number Barcode Date last seen Price effective from Koha item type
          CBU-MAIN LIBRARY, KITWE. CBU-MAIN LIBRARY, KITWE.   11/30/2022   IBRD(06)EAP/1998/1 022166 11/30/2022 11/30/2022 MONOGRAPH